000 00207nam a22000857a 4500
008 170130b xxu||||| |||| 00| 0 eng d
100 _92645
_aSingh.A
245 _aLAb.Mathematics-V
260 _aNew Delhi
_bESP
_c2010
999 _c5790
_d5790